000 01156nam a22002177a 4500
999 _c10740
_d10740
003 AR-CdUCM
008 190401b ||||| |||| 00| 0 spa d
040 _aMUNICIPALIDAD PROVINCIAL DEL CUSCO
_cBIBLIOTECA MUNICIPAL DEL CUSCO
082 _a980.53 /
_bR66 / 1935
100 _aRoca S., Erasmo
_924085
245 _aPor la clase indígena /
260 _aLima :
_bEnrique Bustamante y Ballivían,
_c1935.
300 _a302 páginas ;
_c18 cm.
505 _aContenido: El problema indígena -- aspecto legal del problema indígena -- proyecto de legislación tutelar indígena -- régimen legal de la comunidad -- régimen legal de la comunidad indígena -- protección personal del indígena -- de la protección a la persona del indígena -- régimen especial para la titulación y protección de la propiedad agraria indígena -- titulación y protección de la propiedad territorial indígena -- instituciones de tutela y fomento indígena ...
650 _aDerecho indiano
_97552
650 _aIndígenas del Perú
_95715
650 _aCondiciones económicas
_91989
650 _aCondiciones sociales
_91132
942 _2ddc
_cLIBROS
945 _aacv